000 00635nam a2200241 i 4500
001 C2-0301326
003 PPAK
005 20180728082641.0
008 091208s2009 my |||| ||||| | may d
020 _a9831243008
040 _aPPAK
_beng
_cPPAK
_erda
082 0 4 _a641.59595
_223
090 0 0 _a641.59595
_bKOM
_dR
245 0 0 _aKompilasi hidangan nasi
264 1 _aShah Alam, Selangor :
_bAlaf 21 ,
_c2009
300 _a64 pages ;
_c26 cm
336 _2rdacontent
_atext
337 _2rdamedia
_aunmediated
338 _2rdacarrier
_avolume
650 1 0 _aRecipes.
700 0 _aSa'adiah Mohamad,
_ecompile
942 _ddc
_cB
999 _c105119
_d105119